| 000 | 00699nam a2200229 i 4500 | ||
|---|---|---|---|
| 001 | bg | ||
| 245 | 0 | 0 |
_aBadania naukowe dla żeglarstwa : _b[seminarium] / _cAkademia Wychowania Fizycznego im. Jędrzeja Śniadeckiego w Gdańsku. |
| 260 |
_aGdańsk : _bAWF, _c1994. |
||
| 300 |
_a243 s. : _brys., wykr. ; _c24 cm. |
||
| 490 | 1 |
_aRocznik Naukowy ; _vt.3/1994 |
|
| 504 | _aBibliogr. przy ref. | ||
| 650 | 9 |
_aŻeglarstwo _xzagadnienia |
|
| 655 | _aMateriały konferencyjne | ||
| 830 | _aRocznik Naukowy ; | ||
| 020 | _a8385968210 | ||
| 040 | _cBPK | ||
| 041 | 0 |
_apl _ben |
|
| 080 | _a797.14.001.5(061.3) | ||
| 920 | _a83-85968-21-0 | ||
| 942 | _cKS | ||
| 008 | s pl f |000 0 pol | ||
| 999 |
_c30785 _d30785 |
||
| 856 |
_uhttp://koha.tu.koszalin.pl/cgi-bin/koha/opac-detail.pl?biblionumber=30785 _yKatalog online BPK |
||